4A Alberta Provincial Boys Basketball Champions - Statistics

General Stats
  • This quiz has been taken 27 times
    17 since last reset
  • The average score is 43 of 105
Answer Stats
Season Champion % Correct
1991 | 1992 | 1994 | +5 others Harry Ainlay
82%
2016 Notre Dame
82%
1971 | 1996 | 2019 Jasper Place
73%
1973 | 1974 | 1980 | 1985 Sir Winston Churchill
64%
1959 | 2010 Western Canada
64%
2017 Bishop McNally
55%
1975 | 1977 Calgary Crescent Heights
55%
1969 Calgary St. Francis
55%
1983 Father Lacombe
45%
1934 | 1936 | 1958 | +4 others LCI
45%
1923 | 1928 | 1929 | +21 others Raymond
45%
1981 | 1984 Bishop Carroll
36%
1920 | 1924 | 1925 | +7 others Cardston
36%
2022 Centennial
36%
1933 | 1937 | 1938 | +6 others Magrath
36%
1957 | 2023 Strathcona
36%
1972 Catholic Central
27%
1963 | 1988 | 1990 | +5 others Ross Sheppard
27%
1987 Henry Wise Wood
18%
1995 Lester B. Pearson
18%
2005 Lord Beaverbrook
18%
2008 Paul Kane
18%
1942 | 1943 Stirling
18%
2002 W.R. Myers
18%
1997 Bishop Grandin
9%
1945 Edmonton Victoria
9%
1976 James Fowler
9%
1986 M.E. Lazerte
9%
1927 Raymond School of Agriculture
9%
2020 | 2021 No Champion (COVID-19)
0%
1919 | 1921 | 1922 | 1966 Victoria Composite
0%
No matching quizzes found
Score Distribution
Percent of People with Each Score
Percentile by Number Answered
Your Score History
You have not taken this quiz since the last reset